00574nam a2200193Ia 450000500170000000800410001702000180005804100120007608200150008810000220010324500970012526000460022230000210026865000220028965000250031165000100033665000110034670000230035720260429111940.0260429s9999||||xx |||||||||||||| ||und|| a9788126939985 aEnglish a791.4bVIS aViswamohan, Aysha 0aBehind the scenes : bcontemporary Bollywood directors and their cinema / cAysha Viswamohan aNew Delhi : bAtlantic Publishers,c2024. axxvi, 392 p.; hb a Bollywood cinema a Bollywood directors a Film aCinema a John, Vimal Mohan